00718 2200265 4500001002100000005001500021035002500036008004100061020001800102090002100120100004000141245004500181250001600226260003300242300003100275650001700306850001200323999002100335007000300356040001700359082001600376084001800392990002100410990002100431YOGYA-1010000000253620211230024831 a0010-101000000002536101005s1991 yoi g ind d a979-499-079-5 aCB-D.11 1991-3710 aHardjono Sastrohamidjojoepengarang10aKromatografi /cHardjono Sastrohamidjojo aEd. 2 Cet.1 aYogyakarta :bLiberty,c1991 avi, 129 hlm.: ilus.; 21 cm 4akromatografi aYOPDYOG aCB-D.11/1991-371ta aYOPDYOGbind04222a543.089 a543.089 HAR k aCB-D.11/1991-371 aCB-D.11/1991-371